00476nam a2200121Ia 4500008004100000082002600041100001900067245007000086260005200156365000600208630007000214730007000284100415s9999 xx 000 0 und d b15501a636.088(54558) aVaralakshmi V aEconomics of Goat and Buffalo Rearing : A Case Study from Haryana aNEW DELHIc1993bTATA ENERGY RESEARCH INSTITUTE b0 aEconomics of Goat and Buffalo Rearing : A Case Study from Haryana aEconomics of Goat and Buffalo Rearing : A Case Study from Haryana